100 QCM de culture générale - Difficile #1 - Statistiques

Statistiques générales
  • Ce quiz a été pris 82 fois
  • Le résultat moyen est 42 sur 100
Statistiques - réponses
Question Réponse % Correct
Quelle est la mer intérieure la plus salée du monde, bordée par la Jordanie et Israël ? La mer Morte
73%
Quelle est la devise officielle des Jeux Olympiques, signifiant "plus vite, plus haut, plus fort" ? Citius, Altius, Fortius
72%
Le massacre de la Saint-Barthélemy en 1572 visait principalement : Les protestants (huguenots)
68%
"Guernica", l'une des œuvres les plus célèbres de Picasso, dénonce : Le bombardement d'une ville basque pendant la guerre d'Espagne
67%
Quel est le nom du capitaine du sous-marin Nautilus dans "Vingt mille lieues sous les mers" de Jules Verne ? Capitaine Nemo
65%
L'enclave de Kaliningrad, située entre la Pologne et la Lituanie, appartient à quel pays ? La Russie
65%
Quel artiste américain du Pop Art est célèbre pour ses sérigraphies de Marilyn Monroe et de boîtes de soupe Campbell ? Andy Warhol
63%
La "Guerre de l'OPIUM" (1839-1842) a opposé la Chine à quelle puissance européenne ? Le Royaume-Uni
63%
Dans "L'Odyssée" d'Homère, qui est l'épouse d'Ulysse qui l'attend à Ithaque ? Pénélope
63%
Quel est le nom de la jonction entre deux neurones ? Une synapse
63%
Qui est considéré comme le père de l'informatique théorique et de l'intelligence artificielle ? Alan Turing
61%
Quel est le nom de l'écriture utilisée par les Sumériens en Mésopotamie, l'une des plus anciennes connues ? Cunéiforme
61%
Comment appelle-t-on la peur irrationnelle des mots longs ? L'hippopotomonstrosesquippedaliophobie
61%
Quel philosophe des Lumières a dirigé la publication de l'Encyclopédie ? Diderot
60%
La "Ligne de contrôle" (Line of Control) est la frontière militaire de facto qui sépare les parties du Cachemire administrées par quels deux pays ? L'Inde et le Pakistan
60%
Quelle chaîne de montagnes sépare l'Europe de l'Asie ? L'Oural
60%
Quel est le concept central de la philosophie de Jean-Paul Sartre, résumé par la formule "l'existence précède l'essence" ? L'existentialisme
59%
Qui fut le dernier tsar de Russie, renversé par la révolution de 1917 ? Nicolas II
59%
Quel était le nom du programme américain secret visant à développer l'arme atomique durant la Seconde Guerre mondiale ? Projet Manhattan
59%
Qu'est-ce que l'horizon des événements d'un trou noir ? La limite au-delà de laquelle rien ne peut s'échapper
57%
Comment nomme-t-on la reconquête des territoires de la péninsule ibérique par les royaumes chrétiens ? La Reconquista
57%
Quel philosophe grec est célèbre pour son "allégorie de la caverne" ? Platon
57%
Quel dramaturge est l'auteur de pièces de théâtre de l'absurde comme "La Cantatrice chauve" et "Rhinocéros" ? Eugène Ionesco
56%
Quelle guerre (1853-1856) opposa l'Empire russe à une coalition comprenant l'Empire ottoman, la France et le Royaume-Uni ? La guerre de Crimée
56%
Le "Caravage" est célèbre pour son utilisation dramatique d'une technique appelée : Le clair-obscur (chiaroscuro)
56%
Quel est le seul pays d'Amérique du Sud où le néerlandais est la langue officielle ? Le Suriname
56%
La "théorie des cordes" est une tentative pour : Unifier la relativité générale et la mécanique quantique
56%
Quelle bataille navale de 1805 assura la suprématie britannique sur les mers pour le siècle à venir ? Bataille de Trafalgar
55%
Dans la mythologie égyptienne, quelle déesse, épouse d'Osiris, a rassemblé son corps démembré ? Isis
55%
Sous quel souverain l'Empire du Mali a-t-il atteint son apogée au XIVe siècle ? Kanga Moussa (Mansa Moussa)
55%
Quel est le plus grand lac d'Afrique, source du Nil Blanc ? Le lac Victoria
55%
Quel peintre néerlandais du XVIIe siècle est célèbre pour ses scènes de la vie domestique et sa maîtrise de la lumière, comme dans "La Laitière" ? Johannes Vermeer
53%
La "suite de Fibonacci" est une séquence de nombres où chaque terme est : La somme des deux termes précédents
53%
Quel chancelier allemand est l'artisan de l'unification allemande au XIXe siècle, par "le fer et le sang" ? Otto von Bismarck
53%
Quel explorateur portugais fut le premier Européen à atteindre l'Inde par voie maritime en contournant l'Afrique ? Vasco de Gama
53%
L'Effet Doppler-Fizeau est utilisé en astronomie pour déterminer : La vitesse d'éloignement ou de rapprochement d'un astre
52%
Comment s'appelle l'échelle qui mesure la dureté des minéraux ? Échelle de Mohs
51%
Quel philosophe est l'auteur de "Ainsi parlait Zarathoustra" et du concept de "l'Éternel Retour" ? Friedrich Nietzsche
49%
Quelle constante physique, notée "h", est fondamentale en mécanique quantique ? La constante de Planck
49%
Le "rasoir d'Ockham" est un principe philosophique qui peut se résumer par : La pluralité ne doit pas être posée sans nécessité
48%
Quel événement marqua le début de la "Réforme" en 1517 ? La publication des 95 thèses de Martin Luther
48%
Quel est le nom du livre sacré du zoroastrisme ? L'Avesta
48%
Quel est l'élément chimique dont le symbole est "W" ? Le tungstène
48%
Quetzalcóatl, le "serpent à plumes", est une divinité majeure de quelle civilisation mésoaméricaine ? Aztèque
45%
Quel est le nom du style architectural caractérisé par des arcs-boutants, des voûtes sur croisée d'ogives et de grands vitraux ? Gothique
45%
Quel philosophe a développé le concept de l'impératif catégorique dans sa "Critique de la raison pratique" ? Kant
45%
Quel mouvement artistique, dont Marcel Duchamp fut une figure centrale, remettait en cause l'idée même d'œuvre d'art avec ses "ready-mades" ? Le dadaïsme
45%
En vexillologie, qu'étudie-t-on ? Les drapeaux et les pavillons
45%
Quel compositeur est l'auteur de l'opéra "Tristan et Isolde" et a théorisé le concept d'"œuvre d'art totale" (Gesamtkunstwerk) ? Richard Wagner
45%
Quel est le nom du gardien du pont Bifröst dans la mythologie nordique ? Heimdall
43%
En musique classique, que signifie le terme "adagio" ? Lent et majestueux
43%
Dans la mythologie nordique, comment s'appelle l'arbre-monde qui relie les neuf royaumes ? Yggdrasil
43%
Quelle reine d'Égypte de la dynastie ptolémaïque fut la dernière pharaonne ? Cléopâtre VII
41%
Le "corridor du Wakhan" est une étroite bande de territoire appartenant à quel pays, et qui sépare le Tadjikistan du Pakistan ? L'Afghanistan
41%
Quel est le nom de la plus grande lune de Saturne, la seule possédant une atmosphère dense ? Titan
41%
Quel poète est considéré comme le chef de file du mouvement surréaliste avec son "Manifeste du surréalisme" ? André Breton
40%
En chimie, qu'est-ce qu'un "isomère" ? Des molécules de même formule brute mais de structures différentes
40%
Quelle est la capitale du Bhoutan, royaume himalayen ? Thimphou
39%
Qui est l'auteur de la saga de romans de science-fiction "Fondation" ? Isaac Asimov
37%
Quelle est la plus grande île de la Méditerranée ? La Sicile
37%
Quel architecte du mouvement Bauhaus a conçu la "Ville Radieuse" et la chapelle de Ronchamp ? Le Corbusier
37%
Qui a écrit le recueil de nouvelles "Les Contes de la bécasse" ? Guy de Maupassant
36%
Quel est le principal texte du taoïsme, attribué à Lao-Tseu ? Le Tao Te King (Livre de la voie et de la vertu)
36%
Quel traité mit fin à la guerre de Trente Ans en 1648 ? Traités de Westphalie
36%
Quel roman de Gabriel García Márquez est l'œuvre la plus emblématique du "réalisme magique" ? Cent ans de solitude
33%
Quelle figure de style consiste à exprimer une idée par son contraire dans une intention ironique ? L'antiphrase
33%
Quel est le nom de la technique de gravure qui utilise l'acide pour creuser le métal ? L'eau-forte
33%
Quelle loi de la thermodynamique stipule que l'entropie d'un système isolé ne peut qu'augmenter ou rester constante ? Le deuxième principe
33%
En médecine, qu'est-ce qu'un "prion" ? Une protéine infectieuse
33%
En mathématiques, que représente le "nombre d'or" (phi, φ) ? Environ 1,61803
32%
La "Restauration Meiji" au Japon (à partir de 1868) a eu pour conséquence principale : La modernisation et l'industrialisation rapides
32%
Le "Samsara" dans l'hindouisme et le bouddhisme représente : Le cycle des morts et des renaissances
32%
Comment appelle-t-on une cellule qui n'a pas de noyau défini, comme les bactéries ? Procaryote
32%
Dans la mythologie japonaise, qui est la déesse du soleil dont descendraient les empereurs ? Amaterasu
31%
La "Guerre des Deux-Roses" en Angleterre opposait quelles maisons ? Lancastre et York
31%
"Belle du Seigneur", roman majeur du XXe siècle, a été écrit par : Albert Cohen
29%
Quel héros de la mythologie grecque a dompté le cheval ailé Pégase ? Bellérophon
29%
Le détroit de Malacca, l'une des voies maritimes les plus fréquentées au monde, sépare la péninsule malaise de quelle île ? Sumatra
28%
Comment se nomme la couche la plus externe de l'atmosphère solaire, visible notamment lors des éclipses ? La couronne solaire
27%
Quel traité de 1494, négocié par le Pape, divisa le Nouveau Monde entre l'Espagne et le Portugal ? Traité de Tordesillas
27%
Quel compositeur russe du XXe siècle est l'auteur du ballet "Le Sacre du printemps", dont la première en 1913 provoqua un scandale ? Igor Stravinsky
25%
Dans "Le Meilleur des mondes" d'Aldous Huxley, quelle est la drogue de synthèse qui assure le bonheur ? Le Soma
25%
Quel gaz, en plus de l'hydrogène, est le principal composant de Jupiter et Saturne ? L'hélium
25%
Quel est le nom du mouvement littéraire et artistique russe du début du XXe siècle prônant le rejet du passé et l'esthétique de la machine ? Le futurisme
24%
"L'Homme révolté" est un essai majeur de quel écrivain et philosophe ? Albert Camus
23%
Qui a écrit "Le Livre de l'intranquillité", attribué à son hétéronyme Bernardo Soares ? Fernando Pessoa
23%
Le "sfumato" est une technique picturale particulièrement associée à quel artiste de la Renaissance ? Léonard de Vinci
23%
En physique des particules, quel boson est le médiateur de l'interaction électromagnétique ? Le photon
23%
Le "Théorème de l'incomplétude" qui a bouleversé la logique mathématique a été formulé par : Kurt Gödel
21%
Quel empereur romain a mis fin à la crise du troisième siècle et a instauré la tétrarchie ? Dioclétien
20%
Le "jansénisme" était un courant religieux au sein de quelle branche du christianisme ? Le catholicisme
20%
Quel est le nom du processus par lequel l'ARN messager est "lu" pour synthétiser une protéine ? La traduction
17%
Quel est le nom du célèbre cabaret parisien où se produisirent des artistes comme Toulouse-Lautrec, Aristide Bruant ou Jane Avril ? Le Chat Noir
17%
Quel roman de Mikhaïl Boulgakov, censuré en URSS, met en scène le diable visitant Moscou ? Le Maître et Marguerite
16%
Quel est le nom du premier homme créé dans la mythologie nordique, à partir du corps du géant Ymir ? Ask
15%
Quel compositeur est considéré comme le "père de la symphonie" et du "quatuor à cordes" ? Joseph Haydn
13%
En musique, qu'est-ce qu'un "contrepoint" ? La superposition de lignes mélodiques distinctes
13%
Qui était le principal théoricien de la Terreur pendant la Révolution française, auteur du rapport sur les principes de morale politique ? Saint-Just
12%
La "déconstruction" est un concept clé de la pensée de quel philosophe français ? Jacques Derrida
8%
Quelle dynastie a précédé la dynastie Tang en Chine ? Sui
4%
Aucun quiz correspondant
Distribution des résultats
% des personnes avec chaque résultat
Percentile par nombre de réponses
Votre historique - résultats
Vous n’avez pas pris ce quiz